| 000 | 00552nam a22001817a 4500 | ||
|---|---|---|---|
| 005 | 20221118114512.0 | ||
| 008 | 221118b ||||| |||| 00| 0 eng d | ||
| 040 | _cAL | ||
| 041 | _aEnglish | ||
| 082 |
_223 _aH891.1 _bMUDS |
||
| 100 |
_aK Mudanna के मुदन्ना _962624 |
||
| 245 | _aSiddhrameshwar ke Vachanसिद्धरामेशवर के वचन | ||
| 260 |
_aBengaluru _bBasava Samiti _c2002 |
||
| 300 |
_a84 p. _bPB _c21x13 cm. |
||
| 650 |
_ahindi poet _962625 |
||
| 700 |
_aMUDDANNA (Ke) _962626 |
||
| 942 |
_2ddc _cGF |
||
| 999 |
_c225206 _d225206 |
||